Villes traversées par l'autoroute A5 - la champenoise - Statistiques

Statistiques générales
  • Ce quiz a été pris 43 fois
  • Le résultat moyen est 5 sur 8
Statistiques - réponses
ville population kilomètre % Correct
Troyes 63 728 121
97%
Melun 43 651 6
86%
Langres 7 651 238
75%
Chaumont 21 375 209
72%
Sens 27 688 65
67%
Montereau-Fault-Yonne 24 182 35
42%
Brie-Comte-Robert (A5b) 20 630 0
19%
Savigny-le-Temple (A5a) 30 602 0
19%
Aucun quiz correspondant
Distribution des résultats
% des personnes avec chaque résultat
Percentile par nombre de réponses
Votre historique - résultats
Vous n’avez pas pris ce quiz